000 00465nam a2200181Ia 4500
001 22902
005 20260414150901.0
008 260414t2024||||xx |||||||||||||| ||spa||
041 _aESP
082 _a624.17
_bO93
100 _aOviedo Sarmiento, Ricardo,
_eAUT
245 0 _aDiseño sismorresistente de edificaciones de concreto armado
_b
260 _c2024
300 _a502 páginas :
_c24 cm.
650 _a0
654 _aCIC
942 _cLIB
_dJUS
_fJUS
_2ddc
_n
999 _c22902
_d22902